Ao encontro de Espinosa (Registo nº 27743)

Detalhes MARC
000 -Etiqueta do registo
Valores 00773nam a2200253 4500
010 ## - Número ISBN
ISBN 9721052299
021 ## - Número do Depósito Legal
-- PT
Número 203721/03
090 ## -
-- 27743
100 ## - Dados gerais de processamento
Dados gerais 20070111d20032005m y0pory5003 ba
101 1# - Língua de publicação
-- por
102 ## - País de publicação
-- PT
200 1# - Titulo e menção de responsabilidade
Título próprio Ao encontro de Espinosa
Informação de outro título as emoções sociais e a neurologia do sentir
Primeira menção de responsabilidade António Damásio
205 ## - Menção da edição
Edição 6ª ed
210 ## - Publicação
Local de publicação Mem Martins
Nome do editor Europa-América
Data de publicação 2003
215 ## - Descrição física 
Paginação / Volumes 379 p.
Dimensões 23 cm
225 2# - Colecção 
Título próprio da colecção Forum da ciência
Indicação de volume 58
304 ## - Nota relativa ao título
Texto de nota Tít. orig.: Looking for Spinoza : Joy sorrow and the feeling brain
675 ## - CDU
Notação 612.82
Edição BN
Língua por
Edição BN
Língua por
675 ## - CDU
Notação 159.942
Edição BN
Língua por
Edição BN
Língua por
675 ## - CDU
Notação 1Espinosa, Bento de
Edição BN
Língua por
Edição BN
Língua por
700 #1 - Autor principal (pessoa individual)
Apelido Damásio
Nome António
Datas 1944-
801 ## - Fonte de origem
País PT
Regras de catalogação RPC
990 ## - Elementos KOHA
Tipo de documento Livro
995 ## - Localização e informação dos exemplares
-- 18
Exemplares
Situação do levantamento Estado Biblioteca de origem Biblioteca de empréstimo Código de barras Cota Permissão de empréstimo Tipo de documento
  Completo Biblioteca da Escola Básica e Secundária Dr Isidoro de Sousa Biblioteca da Escola Básica e Secundária Dr Isidoro de Sousa 4415EV 159.9 DAM Disponível Livro




Powered by Koha